[Event "Agneaux St Lo op"]
[Site "Agneaux"]
[Date "2022.07.12"]
[Round "5"]
[White "Sauneuf, Dany"]
[Black "Carr, Alexandre"]
[Result "1/2-1/2"]
[WhiteElo "1253"]
[BlackElo "1099"]
[PlyCount "49"]
[EventDate "2022.07.09"]
[EventType "swiss"]
[EventRounds "9"]
[EventCountry "FRA"]
[SourceTitle "EXT 2023"]
[Source "ChessBase"]
[SourceDate "2022.10.05"]
[SourceVersion "1"]
[SourceVersionDate "2022.10.05"]
[SourceQuality "1"]

1. e4 c6 2. d4 d5 3. Nc3 dxe4 4. Nxe4 Nf6 5. Bd3 Qxd4 6. Nxf6+ exf6 7. c3 Qg4 8. Qf3 Qxf3 9. Nxf3 Bc5 10. 0-0 0-0 11. Bf4 Be6 12. Nd2 Rd8 13. Bc2 Bd6 14. Bxd6 Rxd6 15. Rfd1 Nd7 16. Nb3 Rxd1+ 17. Rxd1 Bxb3 18. Bxb3 Re8 19. f3 Nb6 20. Kf2 h6 21. a4 Kf8 22. a5 Nc8 23. Rd7 Re7 24. Rd8+ Re8 25. Rd7 1/2-1/2